| 000 | 01005nam a2200241Ia 4500 | ||
|---|---|---|---|
| 001 | 335 | ||
| 003 | GE_BSU | ||
| 008 | 181216s||||||||xx |||||||||||||| ||und|| | ||
| 020 | _a9789941121005 | ||
| 040 | _cGE_BSU | ||
| 080 | _a332.6+332.2+332.334+347.325.1 | ||
| 100 | _aგელაშვილი, თინა | ||
| 245 | _aმიწის მარკეტინგი(საადგილმამულო ურთიერთობის საფუძვლები) | ||
| 245 | _bსსიპ ახალციხის ინსტიტუტი | ||
| 245 | _cგელაშვილი თინა; ბუცხრიკიძე გიორგი | ||
| 260 | _aთბილისი | ||
| 260 | _bუნივერსალი | ||
| 260 | _c2007 | ||
| 300 | _a152გვ. | ||
| 541 | _h5ლ. | ||
| 653 | _aმიწის მარკეტინგი(საადგილმამულო ურთიერთობის საფუძვლები) | ||
| 942 | _cBK | ||
| 999 |
_c34574 _d34574 |
||